Local Municipalities in Ontario - Statistics

General Stats
  • This quiz has been taken 776 times
    111 since last reset
  • The average score is 102 of 414
Answers on the Map
Answers color-coded by a green-red scale on the quiz's map according to % correct below.
 
Answer Stats
Name of Municipality Census division / single tier status (municipal substatus) % Correct
King York(Township of)
90%
Thunder Bay Thunder Bay(City of)
90%
Brampton Peel(City of)
87%
Hamilton Northumberland(Township of) | Single Tier without a district(City of)
87%
London Middlesex (Seperated)* (City of)
87%
Toronto Single Tier without a district(City of)
87%
Windsor Essex (Separated)* (City of)
87%
Kingston Frontenac (Separated)* (City of)
83%
Kitchener Waterloo(City of)
83%
Mississauga Peel(City of)
83%
Ottawa Single Tier without a district(City of)
83%
Barrie Simcoe (Separated)* (City of)
80%
Oakville Halton(Town of)
80%
Oshawa Durham (City of)
80%
Vaughan York(City of)
80%
Waterloo Waterloo(City of)
80%
Greater Sudbury Single Tier without a district(City of)
77%
Guelph Wellington (Separated)* (City of)
77%
Markham York(City of)
77%
Milton Halton(Town of)
77%
Ajax Durham(Town of)
73%
Niagara Falls Niagara(City of)
73%
Peterborough Peterborough (Separated)* (City of)
73%
Aurora York(Town of)
70%
Belleville Hastings (Separated)* (City of)
70%
Burlington Halton(City of)
70%
Cambridge Waterloo(City of)
70%
North Bay Nipissing District(City of)
70%
Pickering Durham (City of)
70%
Richmond Hill York(City of)
70%
Sault Ste Marie Algoma(City of)
70%
Essex Essex(Town of)
67%
Orangeville Dufferin(Town of)
67%
Sarnia Lambton (City of)
67%
St Thomas Elgin (Separated)* (City of)
67%
Brant Single Tier without a district(County of)
63%
Cochrane Cochrane(Town of)
63%
Cornwall Stormont, Dundas and Glengarry (Separated)* (City of)
63%
Halton Hills Halton(Town of)
63%
Kenora Kenora(City of)
63%
Newmarket York(Town of)
63%
Niagara-on-the-Lake Niagara(Town of)
63%
Owen Sound Grey(City of)
63%
Perth Lanark(Town of)
63%
Prince Algoma(Township of)
63%
Prince Edward Single Tier without a district(County)
63%
St. Catharines Niagara(City of)
63%
Whitby Durham(Town of)
63%
Brantford Single Tier without a district(City of)
60%
Brock Durham(Township of)
60%
Caledon Peel(Town of)
60%
Chatham-Kent Single Tier without a district(City of)
60%
Orillia Simcoe (Separated)* (City of)
60%
Timmins Cochrane(City of)
60%
Cobourg Northumberland(Town of)
57%
East Gwillimbury York(Town of)
57%
Kawartha Lakes Single Tier without a district(City of)
57%
Georgina York(Town of)
53%
Innisfil Simcoe(Town of)
53%
Parry Sound Parry Sound(Town of)
53%
Rainy River Rainy River(Town of)
53%
Stratford Perth (Separated)* (City of)
53%
Wasaga Beach Simcoe(Town of)
53%
Woodstock Oxford (City of)
53%
Brockville Leeds & Grenville (Separated)* (City of)
50%
Clarington Durham(Municipality of)
50%
Huntsville Muskoka(Town of)
50%
Midland Simcoe(Town of)
50%
Renfrew Renfrew(Town of)
50%
Uxbridge Durham(Township of)
50%
Whitchurch-Stouffville York(Town of)
50%
Collingwood Simcoe(Town of)
47%
Fort Erie Niagara(Town of)
47%
Pembroke Renfrew (Separated)* (City of)
47%
Port Hope Northumberland(Municipality of)
47%
Russell Prescott and Russell, United Counties(Township of)
47%
Scugog Durham(Township of)
47%
Goderich Huron(Town of)
43%
Grimsby Niagara(Town of)
43%
Lincoln Niagara(Town of)
43%
Meaford Grey(Municipality of)
43%
Nipissing Parry Sound(Township of)
43%
Prescott Leeds & Grenville (Separated)*(Town of)
43%
Tecumseh Essex(Town of)
43%
Bradford West Gwillimbury Simcoe(Town of)
40%
Gravenhurst Muskoka(Town of)
40%
Norfolk Single Tier without a district(County)
40%
Quinte West Hastings (Separated)* (City of)
40%
Welland Niagara(City of)
40%
Alnwick/Haldimand Northumberland(Township of)
37%
Bracebridge Muskoka(Town of)
37%
Carleton Place Lanark(Town of)
37%
Haldimand Single Tier without a district(County)
37%
Kapuskasing Cochrane(Town of)
37%
Mono Dufferin(Town of)
37%
Moosonee Cochrane(Town of)
37%
Oro-Medonte Simcoe(Township of)
37%
Pelee Essex (Separated)*(Township of)
37%
The Blue Mountains Grey(Town of)
37%
Thorold Niagara(City of)
37%
Dryden Kenora(City of)
33%
Hanover Grey(Town of)
33%
Muskoka Lakes Muskoka(Township of)
33%
New Tecumseth Simcoe(Town of)
33%
Nipigon Thunder Bay(Township of)
33%
Penetanguishene Simcoe(Town of)
33%
Petawawa Renfrew(Town of)
33%
Temiskaming Shores Timiskaming(City of)
33%
Amherstburg Essex(Town of)
30%
Elliot Lake Algoma(City of)
30%
Erin Wellington(Town of)
30%
LaSalle Essex(Town of)
30%
Leamington Essex(Municipality of)
30%
Marathon Thunder Bay(Town of)
30%
Shelburne Dufferin(Town of)
30%
St. Marys Perth (Seperated)*(Town of)
30%
Tiny Simcoe(Township of)
30%
Wawa Algoma(Municipality of)
30%
Arnprior Renfrew(Town of)
27%
Brighton Northumberland(Municipality of)
27%
Brockton Bruce(Municipality of)
27%
Clearview Simcoe(Township of)
27%
Espanola Sudbury(Town of)
27%
Gananoque Leeds & Grenville (Separated)*(Town of)
27%
Georgian Bay Muskoka(Township of)
27%
Greater Napanee Lennox & Addington(Town of)
27%
Ingersoll Oxford(Town of)
27%
Kincardine Bruce(Municipality of)
27%
Kirkland Lake Timiskaming(Town of)
27%
Lakeshore Essex(Town of)
27%
Port Colborne Niagara(City of)
27%
Red Lake Kenora(Municipality of)
27%
Severn Simcoe(Township of)
27%
Smiths Falls Lanark (Separated)*(Town of)
27%
South Bruce Bruce(Municipality of)
27%
Springwater Simcoe(Township of)
27%
Tay Simcoe(Township of)
27%
Tillsonburg Oxford(Town of)
27%
Addington Highlands Lennox & Addington(Township of)
23%
Central Frontenac Frontenac(Township of)
23%
Emo Rainy River(Township of)
23%
Fort Frances Rainy River(Town of)
23%
Guelph-Eramosa Wellington(Township of)
23%
Hawkesbury Prescott and Russell, United Counties(Town of)
23%
Hearst Cochrane(Town of)
23%
Madoc Hastings(Township of)
23%
Minto Wellington(Town of)
23%
Northern Bruce Peninsula Bruce(Municipality of)
23%
North Frontenac Frontenac(Township of)
23%
Pickle Lake Kenora(Township of)
23%
Powassan Parry Sound(Municipality of)
23%
South Frontenac Frontenac(Township of)
23%
Spanish Algoma(Township of)
23%
West Grey Grey(Municipality of)
23%
Adjala-Tosorontio Simcoe(Township of)
20%
Aylmer Elgin(Town of)
20%
Bancroft Hastings(Town of)
20%
Burk's Falls Parry Sound(Village)
20%
Cavan Monaghan Peterborough(Township of)
20%
Centre Hastings Hastings(Municipality of)
20%
Centre Wellington Wellington(Township of)
20%
East Garafraxa Dufferin(Township of)
20%
Essa Simcoe(Township of)
20%
French River Sudbury(Municipality of)
20%
Gore Bay Manitoulin(Town of)
20%
Grand Valley Dufferin(Town of)
20%
Kearney Parry Sound(Town of)
20%
Kingsville Essex(Town of)
20%
Lake of Bays Muskoka(Township of)
20%
North Middlesex Middlesex(Municipality of)
20%
Norwich Oxford(Township of)
20%
Perry Parry Sound(Township of)
20%
Puslinch Wellington(Township of)
20%
Ramara Simcoe(Township of)
20%
Selwyn Peterborough(Township of)
20%
South Bruce Peninsula Bruce(Town of)
20%
South Dundas Stormont, Dundas and Glengarry(Municipality of)
20%
Tweed Hastings(Municipality of)
20%
Amaranth Dufferin(Township of)
17%
Athens Leeds & Grenville(Township of)
17%
Clarence-Rockland Prescott and Russell, United Counties(City of)
17%
Deep River Renfrew(Town of)
17%
Douro-Dummer Peterborough(Township of)
17%
Grey Highlands Grey(Municipality of)
17%
Havelock-Belmont-Methuen Peterborough(Township of)
17%
James Timiskaming(Township of)
17%
Loyalist Lennox & Addington(Township of)
17%
Lucan Biddulph Middlesex(Township of)
17%
Mapleton Wellington(Township of)
17%
Mattawa Nipissing District(Town of)
17%
Middlesex Centre Middlesex(Township of)
17%
Mississippi Mills Lanark(Municipality of)
17%
North Dundas Stormont, Dundas and Glengarry(Township of)
17%
North Glengarry Stormont, Dundas and Glengarry(Township of)
17%
North Huron Huron(Township of)
17%
Oil Springs Lambton(Village)
17%
Otonabee-South Monaghan Peterborough(Township of)
17%
Pelham Niagara(Town of)
17%
Petrolia Lambton(Town of)
17%
Saugeen Shores Bruce(Town of)
17%
Sioux Lookout Kenora(Municipality of)
17%
South Glengarry Stormont, Dundas and Glengarry(Township of)
17%
South Huron Huron(Municipality of)
17%
South River Parry Sound(Village)
17%
Strong Parry Sound(Township of)
17%
Sundridge Parry Sound(Village)
17%
Trent Hills Northumberland(Municipality of)
17%
Trent Lakes Peterborough(Municipality of)
17%
Warwick Lambton(Township of)
17%
Wellington North Wellington(Township of)
17%
West Lincoln Niagara(Township of)
17%
West Nipissing Nipissing District(Municipality of)
17%
West Perth Perth(Municipality of)
17%
Algonquin Highlands Haliburton(Township of)
13%
Armour Parry Sound(Township of)
13%
Asphodel-Norwood Peterborough(Township of)
13%
Blandford Blenheim Oxford(Township of)
13%
Brooke-Alvinston Lambton(Municipality of)
13%
Callander Parry Sound(Municipality of)
13%
Carlow/Mayo Hastings(Township of)
13%
Chatsworth Grey(Township of)
13%
Dawn-Euphemia Lambton(Township of)
13%
Dysart et al Haliburton(Municipality of)
13%
East Zorra-Tavistock Oxford(Township of)
13%
Frontenac Islands Frontenac(Township of)
13%
Hudson Timiskaming(Township of)
13%
Lambton Shores Lambton(Municipality of)
13%
Leeds & the Thousand Islands Leeds & Grenville(Township of)
13%
Mattawan Nipissing District(Township of)
13%
Minden Hills Haliburton(Township of)
13%
Moonbeam Cochrane(Township of)
13%
Newbury Middlesex(Village)
13%
North Dumfries Waterloo(Township of)
13%
North Perth Perth(Municipality of)
13%
North Stormont Stormont, Dundas and Glengarry(Township of)
13%
Rideau Lakes Leeds & Grenville(Township of)
13%
South Algonquin Nipissing District(Township of)
13%
Southgate Grey(Township of)
13%
South Stormont Stormont, Dundas and Glengarry(Township of)
13%
St. Clair Lambton(Township of)
13%
Stone Mills Lennox & Addington(Township of)
13%
Strathroy - Caradoc Middlesex(Township of)
13%
Temagami Nipissing District(Municipality of)
13%
Tudor & Cashel Hastings(Township of)
13%
Tyendinaga Hastings(Township of)
13%
Wellesley Waterloo(Township of)
13%
West Elgin Elgin(Municipality of)
13%
Westport Leeds & Grenville(Village)
13%
Zorra Oxford(Township of)
13%
Adelaide Metcalfe Middlesex(Township of)
10%
Admaston-Bromley Renfrew(Township of)
10%
Armstrong Timiskaming(Township of)
10%
Ashfield-Colborne-Wawanosh Huron(Township of)
10%
Blind River Algoma(Town of)
10%
Bluewater Huron(Municipality of)
10%
Bonnechere Valley Renfrew(Township of)
10%
Carling Parry Sound(Township of)
10%
Casselman Prescott and Russell, United Counties(Municipality of)
10%
Central Huron Huron(Municipality of)
10%
Central Manitoulin Manitoulin(Municipality of)
10%
Chisholm Nipissing District(Township of)
10%
Cobalt Timiskaming(Town of)
10%
Cramahe Northumberland(Township of)
10%
Edwardsburgh/Cardinal Leeds & Grenville(Township of)
10%
Englehart Timiskaming(Town of)
10%
Enniskillen Lambton(Township of)
10%
Georgian Bluffs Grey(Township of)
10%
Greenstone Thunder Bay(Municipality of)
10%
Hastings Highlands Hastings(Municipality of)
10%
Head, Clara & Maria Renfrew(Township of)
10%
Highlands East Haliburton(Municipality of)
10%
Horton Renfrew(Township of)
10%
Huron East Huron(Municipality of)
10%
Ignace Kenora(Township of)
10%
Iroquois Falls Cochrane(Town of)
10%
Joly Parry Sound(Township of)
10%
Killarney Sudbury(Municipality of)
10%
Laurentian Valley Renfrew(Township of)
10%
Limerick Hastings(Township of)
10%
Malahide Elgin(Township of)
10%
Markstay-Warren Sudbury(Municipality of)
10%
Marmora and Lake Hastings(Municipality of)
10%
McDougall Parry Sound(Township of)
10%
McKellar Parry Sound(Township of)
10%
Melancthon Dufferin(Township of)
10%
Montague Lanark(Township of)
10%
Mulmur Dufferin(Township of)
10%
Northeastern Manitoulin and The Islands Manitoulin(Town of)
10%
North Grenville Leeds & Grenville(Municipality of)
10%
North Kawartha Peterborough(Township of)
10%
Perth East Perth(Township of)
10%
Perth South Perth(Township of)
10%
Plympton-Wyoming Lambton(Town of)
10%
Point Edward Lambton(Village)
10%
Ryerson Parry Sound(Township of)
10%
Seguin Parry Sound(Township of)
10%
Smooth Rock Falls Cochrane(Town of)
10%
Southwest Middlesex Middlesex(Municipality of)
10%
South-West Oxford Oxford(Township of)
10%
Stirling-Rawdon Hastings(Township of)
10%
St. Joseph Algoma(Township of)
10%
Tay Valley Lanark(Township of)
10%
Terrace Bay Thunder Bay(Township of)
10%
Thames Centre Middlesex(Municipality of)
10%
The Archipelago Parry Sound(Township of)
10%
Thessalon Algoma(Town of)
10%
Wainfleet Niagara(Township of)
10%
Wilmot Waterloo(Township of)
10%
Woolwich Waterloo(Township of)
10%
Alberton Rainy River(Township of)
7%
Alfred & Plantagenet Prescott and Russell, United Counties(Township of)
7%
Arran Elderslie Bruce(Municipality of)
7%
Assiginack Manitoulin(Township of)
7%
Atikokan Rainy River(Township of)
7%
Augusta Leeds & Grenville(Township of)
7%
Baldwin Sudbury(Township of)
7%
Bayham Elgin(Municipality of)
7%
Beckwith Lanark(Township of)
7%
Billings Manitoulin(Municipality of)
7%
Bonfield Nipissing District(Township of)
7%
Bruce Mines Algoma(Town of)
7%
Brudenell, Lyndoch and Raglan Renfrew(Township of)
7%
Burpee & Mills Manitoulin(Township of)
7%
Calvin Nipissing District(Township of)
7%
Central Elgin Elgin(Municipality of)
7%
Chamberlain Timiskaming(Township of)
7%
Chapleau Sudbury(Township of)
7%
Cockburn Island Manitoulin(Township of)
7%
Dawson Rainy River(Township of)
7%
Drummond-North Elmsley Lanark(Township of)
7%
Dubreuilville Algoma(Township of)
7%
Dutton/Dunwich Elgin(Municipality of)
7%
Ear Falls Kenora(Township of)
7%
East Ferris Nipissing District(municipality of)
7%
Elizabethtown - Kitley Leeds & Grenville(Township of)
7%
Faraday Hastings(Township of)
7%
Fauquier-Strickland Cochrane(Township of)
7%
Front of Yonge Leeds & Grenville(Township of)
7%
Gordon/Barrie Island Manitoulin(Municipality of)
7%
Greater Madawaska Renfrew(Township of)
7%
Harley Timiskaming(Township of)
7%
Harris Timiskaming(Township of)
7%
Hilton Algoma(Township of)
7%
Howick Huron(Township of)
7%
Huron-Kinloss Bruce(Township of)
7%
Johnson Algoma(Township of)
7%
Killaloe, Hagarty & Richards Renfrew(Township of)
7%
Lake of the Woods Rainy River(Township of)
7%
Lanark Highlands Lanark(Township of)
7%
Latchford Timiskaming(Town of)
7%
Laurentian Hills Renfrew(Town of)
7%
Machar Parry Sound(Township of)
7%
Madawaska Valley Renfrew(Township of)
7%
Magnetawan Parry Sound(Municipality of)
7%
Matachewan Timiskaming(Township of)
7%
Mattice-Val Cote Cochrane(Township of)
7%
McMurrich/Monteith Parry Sound(Township of)
7%
McNab-Braeside Renfrew(Township of)
7%
Merrickville-Wolford Leeds & Grenville(Village)
7%
Morris-Turnberry Huron(Municipality of)
7%
Nairn & Hyman Sudbury(Township of)
7%
North Algona-Wilberforce Renfrew(Township of)
7%
Opasatika Cochrane(Township of)
7%
Papineau-Cameron Nipissing District(Township of)
7%
Red Rock Thunder Bay(Township of)
7%
Sables Spanish Rivers Sudbury(Township of)
7%
Schreiber Thunder Bay(Township of)
7%
Southwold Elgin(Township of)
7%
St. Charles Sudbury(Municipality of)
7%
Tehkummah Manitoulin(Township of)
7%
The Nation Prescott and Russell, United Counties(Municipality of)
7%
The North Shore Algoma(Township of)
7%
Thornloe Timiskaming(Village)
7%
Val Rita-Harty Cochrane(Township of)
7%
White River Algoma(Township of)
7%
Whitestone Parry Sound(Municipality of)
7%
Whitewater Region Renfrew(Township of)
7%
Wollaston Hastings(Township of)
7%
Black River Matheson Cochrane(Township of)
3%
Brethour Timiskaming(Township of)
3%
Casey Timiskaming(Township of)
3%
Champlain Prescott and Russell, United Counties(Township of)
3%
Chapple Rainy River(Township of)
3%
Charlton and Dack Timiskaming(Municipality of)
3%
Coleman Timiskaming(Township of)
3%
Conmee Thunder Bay(Township of)
3%
Deseronto Hastings(Town of)
3%
Dorion Thunder Bay(Township of)
3%
East Hawkesbury Prescott and Russell, United Counties(Township of)
3%
Evanturel Timiskaming(Township of)
3%
Gauthier Timiskaming(Township of)
3%
Gillies Thunder Bay(Township of)
3%
Hilliard Timiskaming(Township of)
3%
Hilton Beach Algoma(Village)
3%
Hornepayne Algoma(Township of)
3%
Huron Shores Algoma(Municipality of)
3%
Jocelyn Algoma(Township of)
3%
Kerns Timiskaming(Township of)
3%
Laird Algoma(Township of)
3%
Larder Lake Timiskaming(Township of)
3%
La Vallee Rainy River(Township of)
3%
Macdonald, Meredith & Aberdeen Add'l Algoma(Township of)
3%
Machin Kenora(Township of)
3%
Manitouwadge Thunder Bay(Township of)
3%
McGarry Timiskaming(Township of)
3%
Morley Rainy River(Township of)
3%
Neebing Thunder Bay(Municipality of)
3%
O'Connor Thunder Bay(Township of)
3%
Oliver Paipoonge Thunder Bay(Municipality of)
3%
Plummer Additional Algoma(Township of)
3%
Shuniah Thunder Bay(Municipality of)
3%
Sioux Narrows - Nestor Falls Kenora(Township of)
3%
Tarbutt Algoma(Township of)
3%
No matching quizzes found
Score Distribution
Percent of People with Each Score
Percentile by Number Answered
Your Score History
You have not taken this quiz since the last reset